The Thriving Professor: A Guide to a Career in Universities and Colleges /
Salvato in:
| Autore principale: | |
|---|---|
| Natura: | Libro |
| Lingua: | inglese |
| Pubblicazione: |
London:
World Scientific Publishing,
2018
|
| Edizione: | 1st Edition |
| Soggetti: | |
| Tags: |
Nessun Tag, puoi essere il primo ad aggiungerne!!
|
MARC
| LEADER | 00000nam a22000003a 4500 | ||
|---|---|---|---|
| 001 | 0101495 | ||
| 003 | SK-STU | ||
| 005 | 20231212093417.4 | ||
| 007 | ta | ||
| 008 | 230424s ----xo-----e------000-0-----d | ||
| 020 | |a 9789813237513 | ||
| 040 | |a STU |b slo | ||
| 041 | 0 | |a eng |h eng | |
| 044 | |a xxk | ||
| 100 | 1 | |a Krieger, Martin H. |4 aut |r Z6 | |
| 245 | 1 | 0 | |a The Thriving Professor: |b A Guide to a Career in Universities and Colleges / |c aut. Martin H. Krieger |
| 250 | |a 1st Edition | ||
| 260 | |a London: |b World Scientific Publishing, |c 2018 | ||
| 300 | |a 276 s. | ||
| 500 | |a E-book | ||
| 650 | 0 | 7 | |a promotion |
| 650 | 0 | 7 | |a Scientific Writing Guides Collection |
| 650 | 0 | 7 | |a e-kniha |
| 996 | |c V* 10/EK |l VVT |s A |a 24 |w 0101495_0001 | ||